| 000 | 00393nam a22001697a 4500 | ||
|---|---|---|---|
| 005 | 20160614105234.0 | ||
| 008 | 160614b xxu||||| |||| 00| 0 eng d | ||
| 020 | _a978-0-07-059993-2 | ||
| 041 | _aeng | ||
| 082 | _b7345 | ||
| 100 |
_aLeanne, Dr Shel _91849 |
||
| 245 | _aHow to interview like a top MBA | ||
| 260 |
_bTMH _c2009 |
||
| 300 | _a226 | ||
| 650 |
_aManagement _9241 |
||
| 942 | _cBK | ||
| 999 |
_c2600 _d2599 |
||